Ináč ale týchto.../inc./

Bibliographic Details
Main Author: Mikula, Valér, 1949- (Author)
Format: Article
Language:Slovak
Subjects:

MARC

LEADER 00000nab a2200000 a 4500
001 vtls000100717
003 SK-MaSNL
005 20260304013640.0
008 240424c1981 xo 0 slo
015 |a SNBRB19rr/mm-uuuuu 
035 |a CL0110820 
040 |a SNKBUCL  |b slo  |c SNKBUCL  |e AACR2 
041 0 |a slo 
044 |a xo  |c SK 
080 |a 82.09:885.4-1(048)  |2 1981 
080 |a 885.4-1(048)  |2 1981 
100 1 |a Mikula, Valér,  |d 1949-  |4 aut  |9 105043 
245 1 0 |a Ináč ale týchto.../inc./  |c Valér Mikula 
500 |a Pod spoločným názvom 3x Štefan Moravčík. 
650 0 7 |a lyrická poézia  |2 snkbucl  |9 1282 
650 0 7 |a slovenská poézia  |2 snkbucl  |9 215422 
655 7 |a recenzie  |2 snkbucl  |9 21907 
655 7 |a články z novín a časopisov  |2 snkbucl  |9 267496 
773 0 |t Romboid  |g Roč. 16, č. 9 (1981), s. 95-96 
787 0 8 |i Rec.:  |a Moravčík, Štefan  |t Tichá domácnosť  |d Bratislava : Smena, 1981 
850 |a Slovenská národná knižnica 
852 |a Slovenská národná knižnica 
958 |a LX 
958 |a RK 
992 |a RBX 
999 |c 2577074  |d 2579004